| 000 | 00855nam a2200241 a 4500 | ||
|---|---|---|---|
| 001 | 25136 | ||
| 003 | BD-RjUL | ||
| 005 | 20211209050833.0 | ||
| 008 | 901213s1962 nyua 001 0 eng d | ||
| 035 |
_a(BD-RjUL)25205 _aCURL 020000157427(Edi) from wsc256 |
||
| 040 |
_aWSU _dEUX _beng _cBD-RjUL |
||
| 041 | 1 |
_aeng _hrus |
|
| 082 |
_223 _a519.6 _bMAT 1962 |
||
| 245 | 1 | 4 |
_aThe mathematical theory of optimal processes / _cby L.S. Pontryagin ... [et al.] ; translator K.N. Trirogoff ; editor L.W. Neustadt |
| 260 |
_aNew York : _bInterscience Publishers, _c1962 |
||
| 300 |
_aviii, 360 p. : _bIll. ; _c24 cm |
||
| 650 | 0 |
_aMathematical optimization _9131906 |
|
| 700 |
_aPontryagin, L.S. ... [et al.] _9154155 |
||
| 700 |
_aTrirogoff, K.N., trans. _9154156 |
||
| 700 |
_aNeustadt, L.W. , ed. _9154157 |
||
| 942 |
_2ddc _cBK |
||
| 999 |
_c25136 _d25136 |
||